| 000 | 00996nam a2200217 a 4500 | ||
|---|---|---|---|
| 001 | BRCA_459 | ||
| 005 | 20190320203023.0 | ||
| 008 | 270905s1989----sp-#---###---#000-0#spa-# | ||
| 020 | _a8450590655 | ||
| 050 | 4 |
_aNB1288 _b.T73 1989 |
|
| 245 | 1 | 0 |
_aTratamiento de fachadas y de elementos arquitectónicos _binstrucciones técnicas para la restauración de los acabados _cprogramado y dirigido por Lluís Gelpí ; encargado de su desarrollo Emili Tó. |
| 260 |
_aBarcelona _bCambra Oficial de la Propietat Urbana de Barcelona _c1989 |
||
| 300 |
_a188 p. _bil. (algunas a color), tablas, graficas _c26 cm. |
||
| 500 | _aIncluye índice de laboratorios y centros de ensayo y de investigación | ||
| 500 | _aIncluye el folleto ´Restauración de elementos arquitectónicos exteriores: Esquemas operativos´ | ||
| 504 | _aBibliografía : p. 183-188 | ||
| 650 | 1 | 4 |
_aFachadas _xConservación y restauración _zEspaña _91578 |
| 700 | 1 |
_aGelpí, Lluis _91579 |
|
| 700 | 1 |
_aTó, Emili _91580 |
|
| 942 |
_2lcc _cB |
||
| 999 |
_c394 _d394 |
||